Replantear las reformas : (Registro nro. 15363)

Detalles MARC
000 -LEADER
fixed length control field 01416nam a22002657a 4500
003 - CONTROL NUMBER IDENTIFIER
control field OSt
005 - DATE AND TIME OF LATEST TRANSACTION
control field 20210312202118.0
008 - FIXED-LENGTH DATA ELEMENTS--GENERAL INFORMATION
fixed length control field 210312s2013 sp ad||fr|||| 00| 0 spa d
040 ## - CATALOGING SOURCE
Original cataloging agency CO-JMCR
Transcribing agency CO-JMCR
041 0# - LANGUAGE CODE
Language code of text/sound track or separate title spa
082 04 - DEWEY DECIMAL CLASSIFICATION NUMBER
Classification number 338 /
Item number P882r
Edition number 23
100 1# - MAIN ENTRY--PERSONAL NAME
Personal name Powell, Andrew,
Relator term coordinador
9 (RLIN) 36042
245 10 - TITLE STATEMENT
Title Replantear las reformas :
Remainder of title cómo América Latina y el Caribe pueden escapar del menor crecimiento mundial /
Statement of responsibility, etc. coordinado por Andrew Powell
260 ## - PUBLICATION, DISTRIBUTION, ETC.
Place of publication, distribution, etc. [España] :
Name of publisher, distributor, etc. Banco Interamericano de Desarrollo,
Date of publication, distribution, etc. 2013
300 ## - PHYSICAL DESCRIPTION
Extent vii, 90 páginas :
Other physical details ilustraciones y gráficas a color ;
Dimensions 26 cm.
500 ## - GENERAL NOTE
General note Incluye notas a pie de página.
500 ## - GENERAL NOTE
General note "Informe macroeconómico de América Latina y el Caribe de 2013"--Portada
504 ## - BIBLIOGRAPHY, ETC. NOTE
Bibliography, etc. note Bibliografía: páginas 71-79
505 0# - FORMATTED CONTENTS NOTE
Formatted contents note Resumen ejecutivo -- El menor crecimiento mundial -- Fomentar el crecimiento ante vientos globales desfavorables -- Los límites de la política fiscal y monetaria -- El crecimiento, la productividad y la asignación de recursos -- La reforma de los mercados laborales -- Crear espacio para crecer: el ahorro interno y la inversión en infraestructura
650 14 - SUBJECT ADDED ENTRY--TOPICAL TERM
Topical term or geographic name entry element Desarrollo económico
Geographic subdivision Zona del Caribe
9 (RLIN) 36043
650 14 - SUBJECT ADDED ENTRY--TOPICAL TERM
Topical term or geographic name entry element Desarrollo económico
Geographic subdivision América Latina
9 (RLIN) 36044
650 14 - SUBJECT ADDED ENTRY--TOPICAL TERM
Topical term or geographic name entry element Política fiscal
Geographic subdivision Zona del Caribe
9 (RLIN) 36045
650 14 - SUBJECT ADDED ENTRY--TOPICAL TERM
Topical term or geographic name entry element Política fiscal
Geographic subdivision América Latina
9 (RLIN) 6791
942 ## - ADDED ENTRY ELEMENTS (KOHA)
Source of classification or shelving scheme Dewey Decimal Classification
Koha item type Books
Existencias
Withdrawn status Lost status Source of classification or shelving scheme Damaged status Not for loan Collection code Home library Current library Date acquired Source of acquisition Total Checkouts Full call number Barcode Date last seen Copy number Price effective from Koha item type
    Dewey Decimal Classification     Non-fiction Biblioteca Pública José María del Castillo y Rada Biblioteca Pública José María del Castillo y Rada 10/02/2020 Donación   338 / P882r 201810806 05/16/2024 Ej.1 03/12/2021 Books